000 00287nam a22001337a 4500
008 170404b xxu||||| |||| 00| 0 eng d
020 _a2900136135219
041 _aeng
080 _a574
100 _a9
101 _aSHM
245 _aENVIROMENTAL GEOLOGU
_cKELLER.E.A
942 _2udc
_cBK
999 _c9666
_d9666